تربية الموهوبين وتنميتهم / (رقم التسجيلة. 27483)
[ عرض عادي ]
| 000 -الفاتح | |
|---|---|
| حقل البيانات ثابتة الطول | 01085cam a22002771a 4500 |
| 001 - رقم الضبط | |
| رقم الضبط | AUC_OC_288284 |
| 003 - محدد رقم الضبط | |
| رقم الضبط | SA-RiAUC |
| 005 - وقت وتاريخ اخر تعامل مع التسجيلة | |
| رقم الضبط | 20150408114114.0 |
| 008 - عناصر البيانات ثابتة الطول - معلومات عامة | |
| حقل البيانات ثابتة الطول | 090922s2012 jo g 00| 0 ara c |
| 040 ## - مصدر الفهرسة | |
| وكالة الفهرسة الأصلية | Ma-un |
| لغة الفهرسة | ara |
| 082 04 - رقم تصنيف ديوى العشرى | |
| رقم التصنيف | 371.95 |
| رقم المادة | ق م ت |
| رقم الطبعة | 21 |
| 100 1# - المدخل الرئيسى - إسم شخصى | |
| الإسم الشخصى | قطناني، محمد حسين |
| 9 (RLIN) | 12416 |
| 245 10 - بيان العنوان | |
| العنوان | تربية الموهوبين وتنميتهم / |
| بيان المسئوليه,etc | محمد حسين قطناني، هشام يعقوب مريزيق. |
| 260 ## - PUBLICATION, DISTRIBUTION, ETC. (IMPRINT) | |
| مكان الناشر او الموزع | عمان، الأردن : |
| اسم الناشر او الموزع | دار المسيرة، |
| تاريخ النشر أو التوزيع | 2012. |
| 300 ## - الوصف المادى | |
| التعداد | 255 ص. ؛ |
| -- | 24 سم. |
| 650 #7 - المدخل الاضافى بالموضوع-مصطلح موضوعى | |
| مصطلح موضوعي أو اسم جغرافي كعنصر مدخل | الموهوبون |
| التقسيم الفرعي العام | تعليم |
| مصدر الرأس أو المصطلح | aucsh |
| 650 #7 - المدخل الاضافى بالموضوع-مصطلح موضوعى | |
| مصطلح موضوعي أو اسم جغرافي كعنصر مدخل | الموهوبون |
| التقسيم الفرعي العام | تربية |
| مصدر الرأس أو المصطلح | aucsh |
| 9 (RLIN) | 20549 |
| 700 1# - المدخل الاضافى - اسم شخصى | |
| الإسم الشخصى | مريزيق، هشام يعقوب |
| 9 (RLIN) | 20550 |
| 942 ## - عناصر المدخل الإضافي( كوها) | |
| مصدر التصنيف او مخطط الترفيف | Dewey Decimal Classification |
| Koha [default] item type | كتاب |
| 949 ## - معلومات معالجة محلية(OCLC) | |
| a | HU |
| c | 371.95 محم |
| t | DDC |
| d | 22/09/2009 |
| i | 5204596 |
| n | 1 |
| u | system. |
| 949 ## - معلومات معالجة محلية(OCLC) | |
| a | KAPL |
| c | 371.95 ق م ت |
| d | 2010/8/16 |
| n | 3 |
| u | sharif1 |
| 949 ## - معلومات معالجة محلية(OCLC) | |
| a | JUUNI |
| c | 371.95 |
| d | 2010/9/21 |
| n | 2 |
| u | Eman3 |
| 949 ## - معلومات معالجة محلية(OCLC) | |
| a | MOEKW |
| c | 371.95 مح تر |
| d | 2010/12/23 |
| n | 2 |
| u | ghtmhd |
| 949 ## - معلومات معالجة محلية(OCLC) | |
| a | KKULI |
| n | 1 |
| d | 2011/4/19 |
| u | kobekan1 |
| 949 ## - معلومات معالجة محلية(OCLC) | |
| a | ARUC |
| n | 1 |
| d | 2011/6/4 |
| u | training |
| حالة الفقد | نموذج السعر الفعال | حالة تلف | ليس للاعارة | رقم الطلب | رقم النسخة | تاريخ الاكتساب | الموقع الحالي | الباركود | الفرع الرئيسي | Date last seen | نوع المادة فى نظام كوها | مصدر التصنيف او خطة الترفيف | Total Checkouts | Date last checked out |
|---|---|---|---|---|---|---|---|---|---|---|---|---|---|---|
| 2013-03-10 | Not For Loan | 371.95 ق م ت | 1 | 2013-02-04 | المكتبة المركزية بالمجمعة (CL) | 00303086 | المكتبة المركزية بالمجمعة (CL) | 2013-03-10 | كتاب | Dewey Decimal Classification | ||||
| 2013-03-10 | 371.95 ق م ت | 2 | 2013-02-04 | المكتبة المركزية بالمجمعة (CL) | 00303085 | المكتبة المركزية بالمجمعة (CL) | 2013-03-10 | كتاب | Dewey Decimal Classification | |||||
| 2013-03-10 | 371.95 ق م ت | 3 | 2013-02-04 | المكتبة المركزية بالمجمعة (CL) | 00303084 | المكتبة المركزية بالمجمعة (CL) | 2023-02-12 | كتاب | Dewey Decimal Classification | 2 | 2022-12-06 |
